Loading...
Science - Physics | 0 | 6 | 2 | 2 | 50 | 80 | 111.50 | 0 | 0 |
Science - Chemistry | 0 | 6 | 5 | 0 | 35 | 54 | 99.83 | 0 | 1 |
Social Science | 0 | 3 | 0 | 1 | 30 | 64 | 106.33 | 1 | 1 |
Philosophy | 0 | 2 | 0 | 0 | 20 | 96 | 117.00 | 0 | 0 |
History - World History | 0 | 2 | 0 | 1 | 20 | 102 | 120.50 | 0 | 0 |
Literature - European Literature | 0 | 2 | 0 | 0 | 20 | 127 | 129.00 | 0 | 0 |
Religion | 0 | 3 | 2 | 0 | 20 | 35 | 65.00 | 0 | 2 |
Science - Biology | 0 | 2 | 1 | 0 | 15 | 54 | 57.00 | 1 | 1 |
Literature - American Literature | 0 | 1 | 0 | 0 | 10 | 108 | 108.00 | 0 | 0 |
Painting & Sculpture | 0 | 1 | 1 | 0 | 5 | 97 | 97.00 | 0 | 0 |
Geography | 0 | 1 | 1 | 1 | 5 | 132 | 132.00 | 0 | 0 |
Literature - British Literature | 0 | 1 | 1 | 0 | 5 | 122 | 122.00 | 0 | 0 |
Literature - World Literature | 0 | 1 | 1 | 0 | 5 | 78 | 78.00 | 0 | 1 |
Fine Arts - Other Fine Arts | 0 | 0 | 1 | 0 | -5 | 0.00 | 0 | 0 | |
Science - Other Science | 0 | 2 | 6 | 0 | -10 | 79 | 105.00 | 0 | 0 |